000
00310nam a2200121Ia 4500
005
20251222141919.0
008
251222s9999||||xx |||||||||||||| ||spa||
082
_a
985.019/H22
100
_a
Harvey Valencia, Armando
245
0
_a
Coricancha.
264
_b
Universidad Nacional de San Antonio Abad
942
_c
LIB
999
_c
8667
_d
8667